Normal view
MARC view
- Concrete - Engineering
Entry Topical Term
001 - CONTROL NUMBER
- control field: 18385
003 - CONTROL NUMBER IDENTIFIER
- control field: NUST
005 - DATE AND TIME OF LATEST TRANSACTION
- control field: 20190723104510.0
008 - FIXED-LENGTH DATA ELEMENTS
- fixed length control field: 190723|| aca||aabn | a|a d
040 ## - CATALOGING SOURCE
- Original cataloging agency: NUST
- Transcribing agency: NUST
150 ## - HEADING--TOPICAL TERM
- Topical term or geographic name entry element: Concrete - Engineering
670 ## - SOURCE DATA FOUND
- Source citation: Work cat.: (NUST): Wight, James K. 18384, Reinforced concrete mechanics and design /, 2016.
